Welcome to Marium Abdulla Library

Embrace knowledge with a breath of fresh air.

Browse Collection

Marium Abdulla Library

Sales Promotion Design: (Record no. 2667)

MARC details
000 -LEADER
fixed length control field 00579nam a2200241Ia 4500
001 - CONTROL NUMBER
control field 2801
003 - CONTROL NUMBER IDENTIFIER
control field OSt
005 - DATE AND TIME OF LATEST TRANSACTION
control field 20260407114618.0
008 - FIXED-LENGTH DATA ELEMENTS--GENERAL INFORMATION
fixed length control field 211022s9999 xx 000 0 und d
020 ## - INTERNATIONAL STANDARD BOOK NUMBER
International Standard Book Number 086636112x
040 ## - CATALOGING SOURCE
Transcribing agency IVS
082 ## - DEWEY DECIMAL CLASSIFICATION NUMBER
Classification number 658.82 KON
100 ## - MAIN ENTRY--PERSONAL NAME
Personal name Konikow, Robert B.
245 #0 - TITLE STATEMENT
Title Sales Promotion Design:
Remainder of title a collection of award winning campaigns
260 ## - PUBLICATION, DISTRIBUTION, ETC.
Place of publication, distribution, etc. Glen Cove
260 ## - PUBLICATION, DISTRIBUTION, ETC.
Name of publisher, distributor, etc. PBC International
260 ## - PUBLICATION, DISTRIBUTION, ETC.
Date of publication, distribution, etc. 1990
300 ## - PHYSICAL DESCRIPTION
Extent 253p
650 ## - SUBJECT ADDED ENTRY--TOPICAL TERM
Topical term or geographic name entry element Sales promotion
650 ## - SUBJECT ADDED ENTRY--TOPICAL TERM
Topical term or geographic name entry element Marketing
650 ## - SUBJECT ADDED ENTRY--TOPICAL TERM
Topical term or geographic name entry element Product promotion
942 ## - ADDED ENTRY ELEMENTS (KOHA)
Koha item type Book
Source of classification or shelving scheme Dewey Decimal Classification
Suppress in OPAC No
Holdings
Date last seen Total checkouts Full call number Barcode Price effective from Koha item type Lost status Damaged status Not for loan Collection Withdrawn status Home library Current library Shelving location Date acquired Cost, normal purchase price
10/26/2021   658.82 KON 2801 10/26/2021 Book       Communication Design   Marium Abdulla Library Marium Abdulla Library Non-Ref 03/17/2008 2000.00